000 01423cam a2200373 a 4500
001 12460987
003 OSt
005 20140310184512.0
008 010705s2002 nyu c 000 1 eng
010 _a 2001049039
020 _a068984851X
040 _aDLC
_cDLC
_dDLC
042 _alcac
050 0 0 _aPZ 7
_b.F87217Vo 2004
100 1 _aFrederick, Heather Vogel.
_929117
245 1 4 _aThe voyage of Patience Goodspeed /
_cHeather Vogel Frederick.
260 _aNew York :
_bSimon & Schuster Books for Young Readers,
_c2004.
300 _a219 p. :
_c22 cm.
521 _aG9
526 _c1020
650 1 _aSeafaring life
_vFiction.
_929253
650 1 _aWhaling
_vFiction.
_929254
650 1 _aMutiny
_vFiction.
_929255
650 1 _aFathers and daughters
_vFiction.
_929256
650 1 _aFathers and sons
_vFiction.
_929257
650 1 _aNavigation
_vFiction.
_929258
856 4 2 _3Contributor biographical information
_uhttp://www.loc.gov/catdir/bios/simon052/2001049039.html
856 4 2 _3Publisher description
_uhttp://www.loc.gov/catdir/description/simon031/2001049039.html
856 4 1 _3Sample text
_uhttp://www.loc.gov/catdir/enhancements/fy0640/2001049039-s.html
906 _a7
_bcbc
_corignew
_d1
_eocip
_f20
_gy-gencatlg
942 _2lcc
_cBK-SCHOLAS
999 _c34912
_d34912